| 000 | 00629nam a2200193 i 4500 | ||
|---|---|---|---|
| 001 | 76182 | ||
| 003 | ES-MaACL | ||
| 005 | 20251008063050.0 | ||
| 007 | t| | ||
| 008 | 040929s1925 fr f |||| | fre d | ||
| 100 | 0 |
_aComillas, Juan Antonio Güell y López, _cMarqués de _940006 |
|
| 245 | 1 | 3 |
_aLa sculpture polychrome religieuse espagnole / _cpar le comte de Güell. |
| 260 |
_aParis : _bDujardin, _c1925. |
||
| 300 |
_a128 p., 1 lám. ; _c37 cm. |
||
| 650 | 4 |
_aEscultura polícroma- _zEspaña. _9157479 |
|
| 650 | 7 |
_aEscultura religiosa- _zEspaña _2 _9151154 |
|
| 852 |
_aES-MaACL _jB-5524 |
||
| 999 |
_c76182 _d76182 |
||